000 00961nam a2200217Ii 4500
003 JO-AjNU
008 230605s9999||||xx |||||||||||||| ||und||
017 _a2009/6/2837
040 _aJO-AjNU
_bara
_erda
_cJO-AjNU
041 _aara
050 1 4 _aHF 5549 .5 .M3 .A99 2010
100 3 _aالعزاوي،نجم عبدالله/م.مشارك: عباس حسين جواد,
_eauthor
_928832
245 0 0 _aتطور ادارة الموارد البشرية: المفهوم - الاستراتيجية - الموقع التنظيمي = Development of Human Resource Management: Concepts - Strategic - Organizational Position
250 _aط العربية
264 3 1 _aعمان: دار اليازوري العلمية للنشر والتوزيع،2010
300 _a186ص
336 _atext
_btxt
_2rdacontent
337 _aunmediated
_bn
_2rdamedia
338 _avolume
_bnc
_2rdacarrier
650 4 _aادارة الافراد-القوى العاملة
_928833
999 _aA11233
_c14801
_d14801